LEADER 00952cam0-22003371i-450- 001 990006852510403321 005 20070924110445.0 010 $a88-386-3606-0 035 $a000685251 035 $aFED01000685251 035 $a(Aleph)000685251FED01 035 $a000685251 100 $a20010426d1997----km-y0itay50------ba 101 0 $aita 102 $aIT 105 $ay-------001yy 200 1 $aAggiungere prodotto alla qualità$fChristopher Lovelock$gpresentazione di Walter Giorgio Scott 210 $aMilano$cMcGraw-Hill$d1997 215 $aXXII, 362 p.$d24 cm 225 1 $aTrade 610 0 $aVendite$aOrganizzazione 610 0 $aClientela 676 $a658.812$v21$zita 700 1$aLovelock,$bChristopher$0253249 801 0$aIT$bUNINA$gRICA$2UNIMARC 901 $aBK 912 $a990006852510403321 952 $aVI H 631$b31023$fFSPBC 959 $aFSPBC 996 $aAggiungere prodotto alla qualità$9626953 997 $aUNINA LEADER 01682oam 2200421 450 001 9910707964103321 005 20171013114315.0 035 $a(CKB)5470000002468926 035 $a(OCoLC)970401835 035 $a(EXLCZ)995470000002468926 100 $a20170127d2016 ua 0 101 0 $aeng 135 $aurmn||||||||| 181 $ctxt$2rdacontent 182 $cc$2rdamedia 183 $acr$2rdacarrier 200 10$aLibya $efive years after Ghadafi : joint hearing before the Subcommittee on the Middle East and North Africa and the Subcommittee on Terrorism, Nonproliferation, and Trade of the Committee on Foreign Affairs, House of Representatives, One Hundred Fourteenth Congress, second session, November 30, 2016 210 1$aWashington :$cU.S. Government Publishing Office,$d2016. 215 $a1 online resource (v, 39 pages) 300 $aPaper version available for sale by the Superintendent of Documents, U.S. Government Publishing Office. 300 $a"Serial No. 114-238." 517 $aLibya 606 $aHumanitarian intervention$zLibya 606 $aDemocratization$zLibya 607 $aLibya$xHistory$yCivil War, 2011- 607 $aUnited States$xForeign relations$zLibya 607 $aLibya$xForeign relations$zUnited States 608 $aLegislative hearings.$2lcgft 615 0$aHumanitarian intervention 615 0$aDemocratization 712 02$aUnited States.$bCongress.$bHouse.$bCommittee on Foreign Affairs.$bSubcommittee on Terrorism, Nonproliferation, and Trade, 801 0$bGPO 801 1$bGPO 801 2$bGPO 906 $aBOOK 912 $a9910707964103321 996 $aLibya$91306845 997 $aUNINA